000 01651nam0a2200313 4500
001 RU\NLR\bibl\437970
005 20260407090913.0
021 _aRU
_b2003-41601
_91979
035 _a(NLR Aleph) 000431746
090 _a758723
_c758723
100 _a20030922d2003 |||y0rusy50 ca
101 0 _arus
102 _aRU
105 _aa |||||||||
200 1 _aИстория и современность
_eПенз. арт. инж. ин-т им. Гл. маршала артиллерии Н.Н. Воронова (1943-2003)
_f[Ген.-майор А.А. Плющ, полковники А.Д. Нелюдов, Е.С. Купцов и др.]
_gПод общ. ред. ген.-майора А.А. Плюща
_gГл. ракет.-арт. упр. М-ва обороны Рос. Федерации
210 _aПенза
_cБ.и.
_d2003
215 _a140 с.
_cил., цв. ил., портр.
_d30
300 _aАвт. указаны на обороте тит. л.
601 0 2 _aПензенский артиллерийский инженерный институт им. Н.Н. Воронова
_xИстория
_z1943 - 2003
_92306954
_3RU\NLR\auth\661380864
686 _aЦ4,6(2Р)393.21г
701 1 _aПлющ
_bА. А.
_4070
701 1 _aНелюдов
_bА. Д.
_4070
701 1 _aКупцов
_bЕ. С.
_4070
712 0 2 _4570
_aПензенский артиллерийский инженерный институт им. Н. Н. Воронова
_3RU\NLR\AUTH\8810048508
_9597140
801 0 _aRU
_bNLR
_c20030922
_gPSBO
801 1 _aRU
_bNLR
_c20030922
942 _cBOOK
980 _aNB